L’aventure de Raymond Dhautel. (Record no. 5779)

MARC details
000 -CABECERA
campo de control de longitud fija 00638nam a2200229 a 4500
001 - NÚMERO DE CONTROL
campo de control BRCA_6092
005 - FECHA Y HORA DE LA ÚLTIMA TRANSACCIÓN
campo de control 20190320205330.0
008 - DATOS DE LONGITUD FIJA--INFORMACIÓN GENERAL
campo de control de longitud fija 200611s1910----fr-#######---#000-0#fre-#
041 ## - CÓDIGO DE LENGUA
Código de lengua del texto/banda sonora o título independiente fre
044 ## - CÓDIGO DEL PAÍS DE LA ENTIDAD EDITORA/PRODUCTORA
Código MARC del país fr
050 #4 - SIGNATURA TOPOGRÁFICA DE LA BIBLIOTECA DEL CONGRESO
Número de clasificación PQ2378 .O3
Número de documento/Ítem .A84 1910
100 1# - ENTRADA PRINCIPAL--NOMBRE DE PERSONA
Nombre de persona Ohnet, Georges
Fechas asociadas al nombre 1848-1918.
9 (RLIN) 15406
245 10 - MENCIÓN DE TÍTULO
Título L’aventure de Raymond Dhautel.
Mención de responsabilidad, etc. Georges Ohnet.
250 ## - MENCIÓN DE EDICIÓN
Mención de edición 15
260 ## - PUBLICACIÓN, DISTRIBUCIÓN, ETC.
Lugar de publicación, distribución, etc. París
Nombre del editor, distribuidor, etc. Société d´éditions littéraires et artistiques
Fecha de publicación, distribución, etc. 1910
300 ## - DESCRIPCIÓN FÍSICA
Extensión 318 p.
Dimensiones 18 cm.
500 ## - NOTA GENERAL
Nota general Estado físico: Cubierta desprendida
500 ## - NOTA GENERAL
Nota general K3
650 14 - PUNTO DE ACCESO ADICIONAL DE MATERIA--TÉRMINO DE MATERIA
Término de materia o nombre geográfico como elemento de entrada Literatura francesa
9 (RLIN) 15407
902 ## - CATALOGADOR
Iniciales GFM
942 ## - ELEMENTOS DE PUNTO DE ACCESO ADICIONAL (KOHA)
Fuente del sistema de clasificación o colocación Library of Congress Classification
Tipo de ítem Koha Libros
Holdings
Estado de retiro Estado de pérdida Estado dañado No para préstamo Localización permanente Ubicación/localización actual Fecha de adquisición Número de inventario Total de préstamos Signatura topográfica completa Código de barras Fecha visto por última vez Precio válido a partir de Tipo de ítem Koha
El ejemplar forma parte de la colección y puede ser consultado según las políticas vigentes.       Biblioteca del Museo Franz Mayer (Rogerio Casas-Alatriste) Biblioteca del Museo Franz Mayer (Rogerio Casas-Alatriste) 20/06/2011 K3   PQ2378 .O3 .A84 1910 (K3) 6531 22/03/2019 22/03/2019 Libros